| 000 | 00792nam a22002177a 4500 | ||
|---|---|---|---|
| 999 |
_c10649 _d10649 |
||
| 003 | AR-CdUCM | ||
| 008 | 190401b ||||| |||| 00| 0 spa d | ||
| 040 |
_aMUNICIPALIDAD PROVINCIAL DEL CUSCO _cBIBLIOTECA MUNICIPAL DEL CUSCO |
||
| 082 |
_a190.35 / _bH65 /1904 |
||
| 100 |
_aHoffding, H. _927616 |
||
| 245 |
_aBosquejo de una psicología : _bBasada en la experiencia / |
||
| 260 |
_aMadrid : _bDaniel Jorro, _c1904. |
||
| 300 |
_a574 paginas ; _c22 cm. |
||
| 505 | _aContenido : Objeto y método de la psicología -- Alma y cuerpo -- Lo consciente y lo inconsciente -- División de los elementos psicológicos ... | ||
| 650 |
_aPsicología _91538 |
||
| 650 |
_aExperiencia _96649 |
||
| 650 |
_aMétodo _91191 |
||
| 700 |
_aVaca, Domingo _927617 |
||
| 942 |
_2ddc _cLIBROS |
||
| 945 | _arah | ||